Lecciones de dibujo artístico (1ª parte) (Record no. 189084)

MARC details
000 -LEADER
campo de control de longitud fija 00789nam a2200217 i 4500
001 - NÚMERO DE CONTROL
campo de control 189084
003 - IDENTIFICADOR DE NÚMERO DE CONTROL
campo de control SpMaBN
005 - FECHA Y HORA DE LA ÚLTIMA TRANSACCIÓN
campo de control 20250815115529.0
008 - DATOS DE LONGITUD FIJA--INFORMACIÓN GENERAL
campo de control de longitud fija 190328s1945 sp a |||| | spa d
080 ## - NÚMERO DE LA CLASIFICACIÓN DECIMAL UNIVERSAL
Número de la Clasificación Decimal Universal 74(07)
100 1# - ENTRADA PRINCIPAL--NOMBRE DE PERSONA
Nombre de persona Freixas, Emilio.
9 (RLIN) 52483
245 10 - MENCIÓN DEL TÍTULO
Título Lecciones de dibujo artístico (1ª parte)
Resto del título : (cómo aprender a dibujar) /
Mención de responsabilidad, etc. Emilio Freixas ; [cien ilustraciones del autor].
250 ## - MENCION DE EDICION
Mención de edición 3ª ed.
260 ## - PUBLICACIÓN, DISTRIBUCIÓN, ETC.
Lugar de publicación, distribución, etc. Barcelona :
Nombre del editor, distribuidor, etc. Suc. de E. Meseguer,
Fecha de publicación, distribución, etc. 1945.
300 ## - DESCRIPCIÓN FÍSICA
Extensión 1 v. (122 p. :
Otras características físicas il.) ;
Dimensiones 18 cm.
505 8# - NOTA DE CONTENIDO CON FORMATO
Nota de contenido con formato Contiene: 1ª parte ;
Título Cómo aprender a dibujar
599 ## - NOTA A LAS ILUSTRACIONES
NOTA A LAS ILUSTRACIONES Retr. del autor en cub.
650 07 - PUNTO DE ACCESO ADICIONAL DE MATERIA--TÉRMINO DE MATERIA
Término de materia o nombre geográfico como elemento de entrada Dibujo
Fuente del encabezamiento o término embne
9 (RLIN) 11860
852 ## - LOCALIZACIÓN
Ubicación ES-MaACL
Número de control de estantería L-32257
Nota libre . - Donat. herederos de la bibl. de Mª del Pilar Costa Palacín
Holdings
Estatus retirado Estado de pérdida Estado de daño No para préstamo Biblioteca de origen Biblioteca actual Ubicación en estantería Fecha de adquisición Fuente de adquisición Total de préstamos Signatura topográfica completa Código de barras Visto por última vez Precio de reemplazo Tipo de ítem Koha
        Biblioteca del Ateneo de Madrid Biblioteca del Ateneo de Madrid Depósito 2 28/03/2019     L-32257 1200258 23/02/2023 23/02/2023 Libro impreso